Southville International School and Colleges
Your cart is empty.
  • Cart
  • Lists
    Public lists Eva Luna New books Lux_list list_1
    Your lists Log in to create your own lists
  • Log in to your account
  • Your cookies
  • Search history
Southville International School and Colleges
  • Advanced search
  • Recent comments
  • Most popular
  • Libraries

Log in to your account

Log in with GOOGLE


If you do not have an external account, but do have a local account, you can still log in:

  1. Home
  2. MARC view: My 1st grader needs to know :
Normal view MARC view ISBD view

My 1st grader needs to know : (Record no. 112771)

[ view plain ]
MARC details
000 -LEADER
fixed length control field 00623nam a2200193 a 4500
001 - CONTROL NUMBER
control field 1964
005 - DATE AND TIME OF LATEST TRANSACTION
control field 20140414131950.0
008 - FIXED-LENGTH DATA ELEMENTS--GENERAL INFORMATION
fixed length control field 040625s19uu xx 00 eng d
020 ## - INTERNATIONAL STANDARD BOOK NUMBER
International Standard Book Number 0-385-48119-5
050 ## - LIBRARY OF CONGRESS CALL NUMBER
Classification number TR 372.19
Item number W53 1997
245 ## - TITLE STATEMENT
Title My 1st grader needs to know :
Remainder of title fundamentals of a good first-grade education /
Statement of responsibility, etc edited by E. D. Hirsch, Jr.
250 ## - EDITION STATEMENT
Edition statement rev. ed.
260 ## - PUBLICATION, DISTRIBUTION, ETC. (IMPRINT)
Place of publication, distribution, etc New York :
Name of publisher, distributor, etc Doubleday,
Date of publication, distribution, etc 1997.
300 ## - PHYSICAL DESCRIPTION
Extent 342 p. ; cm.
440 ## - SERIES STATEMENT/ADDED ENTRY--TITLE
Title The Core Knowledge.
650 ## - SUBJECT ADDED ENTRY--TOPICAL TERM
Topical term or geographic name as entry element First grade (Education)
General subdivision United States
-- Curricula.
650 ## - SUBJECT ADDED ENTRY--TOPICAL TERM
Topical term or geographic name as entry element Curriculum planning
General subdivision United States.
Holdings
Withdrawn status Lost status Damaged status Use restrictions Home library Current library Shelving location Date acquired Source of acquisition Total Checkouts Full call number Barcode Date last seen Price effective from Koha item type
        Munich Library Munich Library Teachers Reference Section 12/29/2004     TR 372.19 W53 1997 M4161 04/14/2014 04/14/2014 Books

My 1st grader needs to know :

APA

(1997). My 1st grader needs to know. New York: Doubleday.

Chicago

1997. My 1st grader needs to know. New York: Doubleday.

Harvard

(1997). My 1st grader needs to know. New York: Doubleday.

MLA

My 1st grader needs to know. New York: Doubleday. 1997.

  • Place hold
  • Print
  • Cite
  • Add to your cart (remove)
  • Save record
    BIBTEX Dublin Core MARCXML MARC (non-Unicode/MARC-8) MARC (Unicode/UTF-8) MARC (Unicode/UTF-8, Standard) MODS (XML) RIS
  • More searches
    Search for this title in:
    Other Libraries (WorldCat) Other Databases (Google Scholar) Online Stores (Bookfinder.com) Open Library (openlibrary.org)

Exporting to Dublin Core...

SOUTHVILLE LIBRARY

Southville International School and Colleges Library

1281 Tropical Ave. Cor. Luxembourg St., BF Homes International, Las Pinas City

Tel. No. 8256374 / 252358 Loc. 117/146

Powered by Koha